000 00536nam a2200181Ia 4500
008 090124s9999 xx 000 0 und d
082 _b14937
_a3679
100 _aभावे ल.ना.
245 _a नाटक झाले जन्माचे
250 _a1
260 _c1965
300 _a312
600 _aभावे ल.ना.
630 _a नाटक झाले जन्माचे
700 _aभावे ल.ना.
730 _a नाटक झाले जन्माचे
942 _cBOOK
999 _c128877
_d128877